Normal view
MARC view
Entry Geographic Name
001 - CONTROL NUMBER
- control field: 11666
003 - CONTROL NUMBER IDENTIFIER
- control field: BD-DhEWU
005 - DATE AND TIME OF LATEST TRANSACTION
- control field: 20140610170235.0
008 - FIXED-LENGTH DATA ELEMENTS
- fixed length control field: 140610|| aca||aabn | a|a d
040 ## - CATALOGING SOURCE
- Original cataloging agency: BD-DhEWU
- Transcribing agency: BD-DhEWU
151 ## - HEADING--GEOGRAPHIC NAME
- Geographic name: Islamic countries
- General subdivision: Description and travel.
670 ## - SOURCE DATA FOUND
- Source citation: Work cat.: (BD-DhEWU)1063: Naipaul, V. S. 1932- 11663, Beyond belief :, c1998.